| 000 | 01005nam a2200313Ia 4500 | ||
|---|---|---|---|
| 003 | OSt | ||
| 005 | 20221007122016.0 | ||
| 006 | a|||||r|||| 00| 0 | ||
| 007 | ta | ||
| 008 | 221006b |||||||| |||| 00| 0 eng d | ||
| 020 |
_a0716710072 (hbd) _cRs.3487.53 |
||
| 024 | _a16725 | ||
| 037 |
_b111/2005-2006, 22/12/2005, Apple Books _cTextual |
||
| 040 |
_aBDL _cBDL _beng |
||
| 041 |
_2eng _aeng |
||
| 082 | _aI, N9;P5 Carb | ||
| 100 | _aRaven Peter H | ||
| 245 | 0 |
_aBiology of plants _b Evert Ray F Eichhorn Susan E |
|
| 250 | _a7 | ||
| 260 |
_aNew _bYork W H Freeman and Company _c2005 |
||
| 300 |
_axv, 686p. _ccm. |
||
| 500 | _aAppendix A-1-A-7p.; Glossary G-1-G-26p.; Index I-1-I-62p. | ||
| 650 |
_a Plant biology _9710612 |
||
| 650 | _aBotany | ||
| 700 | _a Eichhorn Susan E | ||
| 700 | _a Evert Ray F | ||
| 942 |
_hI, N9;P5 Carb _cTEXL _2CC |
||
| 999 |
_c1209661 _d1209661 |
||